Top 100 NFL Players of All Time According to ESPN - Statistics

General Stats
  • This quiz has been taken 843 times
  • The average score is 49 of 100
Answer Stats
Rank Position Team Answer % Correct
1 QB Patriots Tom Brady
100%
2 WR 49ers Jerry Rice
97%
8 QB Colts Peyton Manning
97%
6 QB 49ers Joe Montana
94%
4 RB Browns Jim Brown
91%
10 RB Lions Barry Sanders
89%
16 DB Falcons Deion Sanders
88%
3 LB Giants Lawrence Taylor
87%
34 QB Packers Aaron Rodgers
86%
5 RB Bears Walter Payton
85%
19 RB Cowboys Emmitt Smith
83%
38 QB Chiefs Patrick Mahomes
83%
26 QB Packers Brett Favre
81%
28 DE Bills Bruce Smith
80%
24 WR Vikings Randy Moss
80%
20 QB Dolphins Dan Marino
79%
35 QB Saints Drew Brees
79%
23 LB Ravens Ray Lewis
79%
54 TE Chiefs Travis Kelce
78%
7 DE Packers Reggie White
76%
17 QB Broncos John Elway
75%
78 DT Cowboys Randy White
73%
67 DE Texans J.J. Watt
72%
94 DL Rams Aaron Donald
70%
11 DT Steelers Joe Greene
70%
9 QB Colts Johnny Unitas
70%
95 TE Patriots Rob Gronkowski
70%
36 TE Chiefs Tony Gonzalez
70%
40 QB Seahawks Russell Wilson
68%
32 S Ravens Ed Reed
67%
100 QB Chargers Phillip Rivers
64%
59 QB 49ers Steve Young
64%
68 WR Cardinals Larry Fitzgerald
61%
15 DE Rams Deacon Jones
59%
57 RB Chargers LaDainian Tomlinson
59%
91 WR Colts Marvin Harrison
59%
73 QB Panthers Cam Newton
58%
87 OT Seahawks Walter Jones
58%
41 RB Rams Eric Dickerson
56%
86 RB Vikings Adrian Peterson
55%
66 QB Packers Bart Starr
55%
43 RB Bills O.J. Simpson
55%
81 QB Steelers Terry Bradshaw
55%
80 OL Cowboys Larry Allen
54%
93 S Steelers Troy Polamalu
54%
14 LT Bengals Anthony Munoz
53%
70 QB Jets Joe Namath
53%
12 LB Bears Dick Butkus
51%
50 QB Cowboys Roger Staubach
51%
13 DB 49ers Ronnie Lott
51%
55 WR 49ers Terrell Owens
50%
89 WR Cowboys Michael Irvin
49%
18 QB Browns Otto Graham
48%
76 WR Dolphins Tyreek Hill
48%
92 LB Chiefs Derrick Thomas
46%
98 QB Vikings Fran Tarkenton
45%
64 DB Raiders Charles Woodson
43%
21 RB Bears Gale Sayers
42%
37 DB Steelers Rod Woodson
42%
60 RB Colts Marshall Faulk
40%
62 RB Oilers Earl Campbell
39%
84 DE Giants Michael Strahan
39%
72 CB Rams Jalen Ramsey
37%
48 LB Bears Mike Singletary
37%
27 DT Vikings Alan Page
33%
33 CB Rams Dick Lane
33%
63 LB Chargers Junior Seau
33%
22 QB Redskins Sammy Baugh
33%
29 LB Steelers Jack Lambert
32%
96 RB Cowboys Tony Dorsett
30%
85 TE Chargers Kellen Winslow Sr.
29%
79 OL Texans Bruce Matthews
28%
42 DB Steelers Mel Blount
26%
71 LB Steelers Jack Ham
25%
90 OT Ravens Jonathan Ogden
25%
30 G Patriots John Hannah
22%
83 Center Raiders Jim Otto
21%
65 WR Chargers Lance Alworth
21%
82 QB Bears Sid Luckman
20%
69 C Steelers Mike Webster
19%
31 DT Cowboys Bob Lilly
18%
25 E Packers Don Hutson
17%
58 G Raiders Gene Upshaw
17%
56 DT Rams Merlin Olsen
17%
74 LT Rams Orlando Pace
17%
44 LB Packers Ray Nitschke
17%
46 C/LB Eagles Chuck Bednarik
16%
47 RB Bulldogs Jim Thorpe
16%
53 TE Colts John Mackey
15%
61 Split End Colts Raymond Berry
15%
45 T Packers Forrest Gregg
14%
97 DE Buccaneers Lee Roy Selmon
14%
75 OT Raiders Art Shell
12%
52 FB Bears Bronko Nagurski
12%
77 LB Raiders Ted Hendricks
12%
88 LB Chiefs Willie Lanier
12%
49 RB Bears Red Grange
11%
51 OG/OT Colts Jim Parker
8%
99 FB Browns Marion Motley
7%
39 DE Texans Gino Marchetti
5%
No matching quizzes found
Score Distribution
Percent of People with Each Score
Percentile by Number Answered
Your Score History
You have not taken this quiz